<?xml version="1.0" encoding="UTF-8"?>
<record
    xmlns:xsi="http://www.w3.org/2001/XMLSchema-instance"
    xsi:schemaLocation="http://www.loc.gov/MARC21/slim http://www.loc.gov/standards/marcxml/schema/MARC21slim.xsd"
    xmlns="http://www.loc.gov/MARC21/slim">

  <leader>01047nam a22002777a 4500</leader>
  <controlfield tag="005">20170428100109.0</controlfield>
  <datafield tag="010" ind1=" " ind2=" ">
    <subfield code="a">1617EN  ENG-116898</subfield>
  </datafield>
  <datafield tag="020" ind1=" " ind2=" ">
    <subfield code="a">9788126556021</subfield>
    <subfield code="c">849.00</subfield>
  </datafield>
  <datafield tag="035" ind1=" " ind2=" ">
    <subfield code="a">B-653718-738</subfield>
  </datafield>
  <datafield tag="035" ind1=" " ind2=" ">
    <subfield code="a">B-669743</subfield>
  </datafield>
  <datafield tag="035" ind1=" " ind2=" ">
    <subfield code="a">1617EN</subfield>
  </datafield>
  <datafield tag="035" ind1=" " ind2=" ">
    <subfield code="a">EN-100430</subfield>
  </datafield>
  <datafield tag="037" ind1=" " ind2=" ">
    <subfield code="b">ABC</subfield>
  </datafield>
  <datafield tag="037" ind1=" " ind2=" ">
    <subfield code="b">DBAD/PUB</subfield>
  </datafield>
  <datafield tag="082" ind1=" " ind2=" ">
    <subfield code="a">530</subfield>
  </datafield>
  <datafield tag="100" ind1=" " ind2=" ">
    <subfield code="a">Young, David</subfield>
  </datafield>
  <datafield tag="245" ind1=" " ind2=" ">
    <subfield code="a">Cutnell &amp; Johnson physics /</subfield>
    <subfield code="c">by David Young [and] Shane Stadler</subfield>
  </datafield>
  <datafield tag="260" ind1=" " ind2=" ">
    <subfield code="c">2016</subfield>
    <subfield code="a">New Delhi</subfield>
    <subfield code="b">Wiley India </subfield>
  </datafield>
  <datafield tag="270" ind1=" " ind2=" ">
    <subfield code="a">4435-36/7, Ansari Road,Daryaganj</subfield>
    <subfield code="b">New Delhi</subfield>
    <subfield code="e">110002</subfield>
  </datafield>
  <datafield tag="300" ind1=" " ind2=" ">
    <subfield code="c">25cm(pbk)</subfield>
    <subfield code="a">836p :</subfield>
    <subfield code="b">ill.</subfield>
  </datafield>
  <datafield tag="500" ind1=" " ind2=" ">
    <subfield code="a">Includes index</subfield>
  </datafield>
  <datafield tag="700" ind1=" " ind2=" ">
    <subfield code="a">Stadler, Shane </subfield>
  </datafield>
  <datafield tag="942" ind1=" " ind2=" ">
    <subfield code="c">EN</subfield>
    <subfield code="2">ddc</subfield>
    <subfield code="h">530</subfield>
    <subfield code="m">CUT</subfield>
  </datafield>
  <datafield tag="999" ind1=" " ind2=" ">
    <subfield code="c">101820</subfield>
    <subfield code="d">101820</subfield>
  </datafield>
  <datafield tag="952" ind1=" " ind2=" ">
    <subfield code="0">0</subfield>
    <subfield code="1">0</subfield>
    <subfield code="4">0</subfield>
    <subfield code="7">0</subfield>
    <subfield code="8">NFIC</subfield>
    <subfield code="a">BN</subfield>
    <subfield code="b">BN</subfield>
    <subfield code="d">2016-12-22</subfield>
    <subfield code="e">DBAD/PUB</subfield>
    <subfield code="g">849.00</subfield>
    <subfield code="l">2</subfield>
    <subfield code="o">530 CUT</subfield>
    <subfield code="p">EN-100430</subfield>
    <subfield code="r">2024-03-26 00:00:00</subfield>
    <subfield code="s">2024-03-16</subfield>
    <subfield code="t">1</subfield>
    <subfield code="v">849.00</subfield>
    <subfield code="y">EN</subfield>
  </datafield>
  <datafield tag="952" ind1=" " ind2=" ">
    <subfield code="0">0</subfield>
    <subfield code="1">0</subfield>
    <subfield code="4">0</subfield>
    <subfield code="7">0</subfield>
    <subfield code="8">NFIC</subfield>
    <subfield code="a">L</subfield>
    <subfield code="b">L</subfield>
    <subfield code="d">2017-02-20</subfield>
    <subfield code="e">BPPD/En/2016-17/286/24.11.2016/4986/28.11.2016/4.1.2017</subfield>
    <subfield code="g">849.00</subfield>
    <subfield code="l">18</subfield>
    <subfield code="m">3</subfield>
    <subfield code="o">530 CUT</subfield>
    <subfield code="p">B-653718</subfield>
    <subfield code="r">2019-12-11 00:00:00</subfield>
    <subfield code="s">2019-11-24</subfield>
    <subfield code="t">1</subfield>
    <subfield code="v">849.00</subfield>
    <subfield code="y">EN</subfield>
  </datafield>
  <datafield tag="952" ind1=" " ind2=" ">
    <subfield code="0">0</subfield>
    <subfield code="1">0</subfield>
    <subfield code="4">0</subfield>
    <subfield code="7">0</subfield>
    <subfield code="8">NFIC</subfield>
    <subfield code="a">M</subfield>
    <subfield code="b">M</subfield>
    <subfield code="d">2017-02-20</subfield>
    <subfield code="e">BPPD/En/2016-17/286/24.11.2016/4986/28.11.2016/4.1.2017</subfield>
    <subfield code="g">849.00</subfield>
    <subfield code="l">0</subfield>
    <subfield code="o">530 CUT</subfield>
    <subfield code="p">B-653719</subfield>
    <subfield code="r">2017-02-20 00:00:00</subfield>
    <subfield code="t">2</subfield>
    <subfield code="v">849.00</subfield>
    <subfield code="y">EN</subfield>
  </datafield>
  <datafield tag="952" ind1=" " ind2=" ">
    <subfield code="0">0</subfield>
    <subfield code="1">0</subfield>
    <subfield code="4">0</subfield>
    <subfield code="7">0</subfield>
    <subfield code="8">NFIC</subfield>
    <subfield code="a">M</subfield>
    <subfield code="b">M</subfield>
    <subfield code="d">2017-02-20</subfield>
    <subfield code="e">BPPD/En/2016-17/286/24.11.2016/4986/28.11.2016/4.1.2017</subfield>
    <subfield code="g">849.00</subfield>
    <subfield code="l">0</subfield>
    <subfield code="o">530 CUT</subfield>
    <subfield code="p">B-653720</subfield>
    <subfield code="r">2017-02-20 00:00:00</subfield>
    <subfield code="t">2</subfield>
    <subfield code="v">849.00</subfield>
    <subfield code="y">EN</subfield>
  </datafield>
  <datafield tag="952" ind1=" " ind2=" ">
    <subfield code="0">0</subfield>
    <subfield code="1">0</subfield>
    <subfield code="4">0</subfield>
    <subfield code="7">0</subfield>
    <subfield code="8">NFIC</subfield>
    <subfield code="a">NPL</subfield>
    <subfield code="b">NPL</subfield>
    <subfield code="d">2017-02-20</subfield>
    <subfield code="e">BPPD/En/2016-17/286/24.11.2016/4986/28.11.2016/4.1.2017</subfield>
    <subfield code="g">849.00</subfield>
    <subfield code="l">0</subfield>
    <subfield code="o">530 CUT</subfield>
    <subfield code="p">B-653721</subfield>
    <subfield code="r">2017-02-20 00:00:00</subfield>
    <subfield code="t">1</subfield>
    <subfield code="v">849.00</subfield>
    <subfield code="y">EN</subfield>
  </datafield>
  <datafield tag="952" ind1=" " ind2=" ">
    <subfield code="0">0</subfield>
    <subfield code="1">0</subfield>
    <subfield code="4">0</subfield>
    <subfield code="7">0</subfield>
    <subfield code="8">NFIC</subfield>
    <subfield code="a">BL1</subfield>
    <subfield code="b">BL1</subfield>
    <subfield code="d">2017-02-20</subfield>
    <subfield code="e">BPPD/En/2016-17/286/24.11.2016/4986/28.11.2016/4.1.2017</subfield>
    <subfield code="g">849.00</subfield>
    <subfield code="l">0</subfield>
    <subfield code="o">530 CUT</subfield>
    <subfield code="p">B-653722</subfield>
    <subfield code="r">2017-02-20 00:00:00</subfield>
    <subfield code="t">1</subfield>
    <subfield code="v">849.00</subfield>
    <subfield code="y">EN</subfield>
  </datafield>
  <datafield tag="952" ind1=" " ind2=" ">
    <subfield code="0">0</subfield>
    <subfield code="1">0</subfield>
    <subfield code="4">0</subfield>
    <subfield code="7">0</subfield>
    <subfield code="8">NFIC</subfield>
    <subfield code="a">KGM</subfield>
    <subfield code="b">KGM</subfield>
    <subfield code="d">2017-02-20</subfield>
    <subfield code="e">BPPD/En/2016-17/286/24.11.2016/4986/28.11.2016/4.1.2017</subfield>
    <subfield code="g">849.00</subfield>
    <subfield code="l">0</subfield>
    <subfield code="o">530 CUT</subfield>
    <subfield code="p">B-653723</subfield>
    <subfield code="r">2017-02-20 00:00:00</subfield>
    <subfield code="t">1</subfield>
    <subfield code="v">849.00</subfield>
    <subfield code="y">EN</subfield>
  </datafield>
  <datafield tag="952" ind1=" " ind2=" ">
    <subfield code="0">0</subfield>
    <subfield code="1">0</subfield>
    <subfield code="4">0</subfield>
    <subfield code="7">0</subfield>
    <subfield code="8">NFIC</subfield>
    <subfield code="a">PR</subfield>
    <subfield code="b">PR</subfield>
    <subfield code="d">2017-02-20</subfield>
    <subfield code="e">BPPD/En/2016-17/286/24.11.2016/4986/28.11.2016/4.1.2017</subfield>
    <subfield code="g">849.00</subfield>
    <subfield code="l">12</subfield>
    <subfield code="m">3</subfield>
    <subfield code="o">530 CUT</subfield>
    <subfield code="p">B-653724</subfield>
    <subfield code="r">2026-04-27 13:34:17</subfield>
    <subfield code="s">2026-02-28</subfield>
    <subfield code="t">1</subfield>
    <subfield code="v">849.00</subfield>
    <subfield code="y">EN</subfield>
  </datafield>
  <datafield tag="952" ind1=" " ind2=" ">
    <subfield code="0">0</subfield>
    <subfield code="1">0</subfield>
    <subfield code="4">0</subfield>
    <subfield code="7">0</subfield>
    <subfield code="8">NFIC</subfield>
    <subfield code="a">TN</subfield>
    <subfield code="b">TN</subfield>
    <subfield code="d">2017-02-20</subfield>
    <subfield code="e">BPPD/En/2016-17/286/24.11.2016/4986/28.11.2016/4.1.2017</subfield>
    <subfield code="g">849.00</subfield>
    <subfield code="l">1</subfield>
    <subfield code="o">530 CUT</subfield>
    <subfield code="p">B-653725</subfield>
    <subfield code="r">2020-10-26 00:00:00</subfield>
    <subfield code="s">2020-10-09</subfield>
    <subfield code="t">1</subfield>
    <subfield code="v">849.00</subfield>
    <subfield code="y">EN</subfield>
  </datafield>
  <datafield tag="952" ind1=" " ind2=" ">
    <subfield code="0">0</subfield>
    <subfield code="1">0</subfield>
    <subfield code="4">0</subfield>
    <subfield code="7">0</subfield>
    <subfield code="8">NFIC</subfield>
    <subfield code="a">CJ</subfield>
    <subfield code="b">CJ</subfield>
    <subfield code="d">2017-02-20</subfield>
    <subfield code="e">BPPD/En/2016-17/286/24.11.2016/4986/28.11.2016/4.1.2017</subfield>
    <subfield code="g">849.00</subfield>
    <subfield code="l">0</subfield>
    <subfield code="o">530 CUT</subfield>
    <subfield code="p">B-653726</subfield>
    <subfield code="r">2017-02-20 00:00:00</subfield>
    <subfield code="t">1</subfield>
    <subfield code="v">849.00</subfield>
    <subfield code="y">EN</subfield>
  </datafield>
  <datafield tag="952" ind1=" " ind2=" ">
    <subfield code="0">0</subfield>
    <subfield code="1">0</subfield>
    <subfield code="4">0</subfield>
    <subfield code="7">0</subfield>
    <subfield code="8">NFIC</subfield>
    <subfield code="a">DIZ</subfield>
    <subfield code="b">DIZ</subfield>
    <subfield code="d">2017-02-20</subfield>
    <subfield code="e">BPPD/En/2016-17/286/24.11.2016/4986/28.11.2016/4.1.2017</subfield>
    <subfield code="g">849.00</subfield>
    <subfield code="l">0</subfield>
    <subfield code="o">530 CUT</subfield>
    <subfield code="p">B-653727</subfield>
    <subfield code="r">2017-02-20 00:00:00</subfield>
    <subfield code="t">1</subfield>
    <subfield code="v">849.00</subfield>
    <subfield code="y">EN</subfield>
  </datafield>
  <datafield tag="952" ind1=" " ind2=" ">
    <subfield code="0">0</subfield>
    <subfield code="1">0</subfield>
    <subfield code="4">0</subfield>
    <subfield code="7">0</subfield>
    <subfield code="8">NFIC</subfield>
    <subfield code="a">JP</subfield>
    <subfield code="b">JP</subfield>
    <subfield code="d">2017-02-20</subfield>
    <subfield code="e">BPPD/En/2016-17/286/24.11.2016/4986/28.11.2016/4.1.2017</subfield>
    <subfield code="g">849.00</subfield>
    <subfield code="l">22</subfield>
    <subfield code="m">3</subfield>
    <subfield code="o">530 CUT</subfield>
    <subfield code="p">B-653728</subfield>
    <subfield code="r">2022-06-07 00:00:00</subfield>
    <subfield code="s">2022-05-21</subfield>
    <subfield code="t">1</subfield>
    <subfield code="v">849.00</subfield>
    <subfield code="y">EN</subfield>
  </datafield>
  <datafield tag="952" ind1=" " ind2=" ">
    <subfield code="0">0</subfield>
    <subfield code="1">0</subfield>
    <subfield code="4">0</subfield>
    <subfield code="7">0</subfield>
    <subfield code="8">NFIC</subfield>
    <subfield code="a">ZLS</subfield>
    <subfield code="b">ZLS</subfield>
    <subfield code="d">2017-02-20</subfield>
    <subfield code="e">BPPD/En/2016-17/286/24.11.2016/4986/28.11.2016/4.1.2017</subfield>
    <subfield code="g">849.00</subfield>
    <subfield code="l">0</subfield>
    <subfield code="o">530 CUT</subfield>
    <subfield code="p">B-653729</subfield>
    <subfield code="r">2017-02-20 00:00:00</subfield>
    <subfield code="t">1</subfield>
    <subfield code="v">849.00</subfield>
    <subfield code="y">EN</subfield>
  </datafield>
  <datafield tag="952" ind1=" " ind2=" ">
    <subfield code="0">0</subfield>
    <subfield code="1">0</subfield>
    <subfield code="4">0</subfield>
    <subfield code="7">0</subfield>
    <subfield code="8">NFIC</subfield>
    <subfield code="a">SP</subfield>
    <subfield code="b">SP</subfield>
    <subfield code="d">2017-02-20</subfield>
    <subfield code="e">BPPD/En/2016-17/286/24.11.2016/4986/28.11.2016/4.1.2017</subfield>
    <subfield code="g">849.00</subfield>
    <subfield code="l">0</subfield>
    <subfield code="o">530 CUT</subfield>
    <subfield code="p">B-653730</subfield>
    <subfield code="r">2017-02-20 00:00:00</subfield>
    <subfield code="t">1</subfield>
    <subfield code="v">849.00</subfield>
    <subfield code="y">EN</subfield>
  </datafield>
  <datafield tag="952" ind1=" " ind2=" ">
    <subfield code="0">0</subfield>
    <subfield code="1">0</subfield>
    <subfield code="4">0</subfield>
    <subfield code="7">0</subfield>
    <subfield code="8">NFIC</subfield>
    <subfield code="a">VP</subfield>
    <subfield code="b">VP</subfield>
    <subfield code="d">2017-02-20</subfield>
    <subfield code="e">BPPD/En/2016-17/286/24.11.2016/4986/28.11.2016/4.1.2017</subfield>
    <subfield code="g">849.00</subfield>
    <subfield code="l">7</subfield>
    <subfield code="m">4</subfield>
    <subfield code="o">530 CUT</subfield>
    <subfield code="p">B-653731</subfield>
    <subfield code="q">2018-06-20</subfield>
    <subfield code="r">2018-05-10 00:00:00</subfield>
    <subfield code="s">2018-05-10</subfield>
    <subfield code="t">1</subfield>
    <subfield code="v">849.00</subfield>
    <subfield code="y">EN</subfield>
  </datafield>
  <datafield tag="952" ind1=" " ind2=" ">
    <subfield code="0">0</subfield>
    <subfield code="1">0</subfield>
    <subfield code="4">0</subfield>
    <subfield code="7">0</subfield>
    <subfield code="8">NFIC</subfield>
    <subfield code="a">BN</subfield>
    <subfield code="b">BN</subfield>
    <subfield code="d">2017-02-20</subfield>
    <subfield code="e">BPPD/En/2016-17/286/24.11.2016/4986/28.11.2016/4.1.2017</subfield>
    <subfield code="g">849.00</subfield>
    <subfield code="l">1</subfield>
    <subfield code="m">1</subfield>
    <subfield code="o">530 CUT</subfield>
    <subfield code="p">B-653732</subfield>
    <subfield code="r">2022-11-26 00:00:00</subfield>
    <subfield code="s">2022-10-29</subfield>
    <subfield code="t">1</subfield>
    <subfield code="v">849.00</subfield>
    <subfield code="y">EN</subfield>
  </datafield>
  <datafield tag="952" ind1=" " ind2=" ">
    <subfield code="0">0</subfield>
    <subfield code="1">0</subfield>
    <subfield code="4">0</subfield>
    <subfield code="7">0</subfield>
    <subfield code="8">NFIC</subfield>
    <subfield code="a">NRR</subfield>
    <subfield code="b">NRR</subfield>
    <subfield code="d">2017-02-20</subfield>
    <subfield code="e">BPPD/En/2016-17/286/24.11.2016/4986/28.11.2016/4.1.2017</subfield>
    <subfield code="g">849.00</subfield>
    <subfield code="l">0</subfield>
    <subfield code="o">530 CUT</subfield>
    <subfield code="p">B-653733</subfield>
    <subfield code="r">2017-02-20 00:00:00</subfield>
    <subfield code="t">1</subfield>
    <subfield code="v">849.00</subfield>
    <subfield code="y">EN</subfield>
  </datafield>
  <datafield tag="952" ind1=" " ind2=" ">
    <subfield code="0">0</subfield>
    <subfield code="1">0</subfield>
    <subfield code="4">0</subfield>
    <subfield code="7">0</subfield>
    <subfield code="8">NFIC</subfield>
    <subfield code="a">BKK</subfield>
    <subfield code="b">BKK</subfield>
    <subfield code="d">2017-02-20</subfield>
    <subfield code="e">BPPD/En/2016-17/286/24.11.2016/4986/28.11.2016/4.1.2017</subfield>
    <subfield code="g">849.00</subfield>
    <subfield code="l">2</subfield>
    <subfield code="m">3</subfield>
    <subfield code="o">530 CUT</subfield>
    <subfield code="p">B-653734</subfield>
    <subfield code="r">2024-05-14 00:00:00</subfield>
    <subfield code="s">2024-04-26</subfield>
    <subfield code="t">1</subfield>
    <subfield code="v">849.00</subfield>
    <subfield code="y">EN</subfield>
  </datafield>
  <datafield tag="952" ind1=" " ind2=" ">
    <subfield code="0">0</subfield>
    <subfield code="1">0</subfield>
    <subfield code="4">0</subfield>
    <subfield code="7">0</subfield>
    <subfield code="8">NFIC</subfield>
    <subfield code="a">NR</subfield>
    <subfield code="b">NR</subfield>
    <subfield code="d">2017-02-20</subfield>
    <subfield code="e">BPPD/En/2016-17/286/24.11.2016/4986/28.11.2016/4.1.2017</subfield>
    <subfield code="g">849.00</subfield>
    <subfield code="l">0</subfield>
    <subfield code="o">530 CUT</subfield>
    <subfield code="p">B-653735</subfield>
    <subfield code="r">2017-02-20 00:00:00</subfield>
    <subfield code="t">1</subfield>
    <subfield code="v">849.00</subfield>
    <subfield code="y">EN</subfield>
  </datafield>
  <datafield tag="952" ind1=" " ind2=" ">
    <subfield code="0">0</subfield>
    <subfield code="1">0</subfield>
    <subfield code="4">0</subfield>
    <subfield code="7">0</subfield>
    <subfield code="8">NFIC</subfield>
    <subfield code="a">BN</subfield>
    <subfield code="b">BN</subfield>
    <subfield code="d">2017-02-20</subfield>
    <subfield code="e">BPPD/En/2016-17/286/24.11.2016/4986/28.11.2016/4.1.2017</subfield>
    <subfield code="g">849.00</subfield>
    <subfield code="l">1</subfield>
    <subfield code="m">1</subfield>
    <subfield code="o">530 CUT</subfield>
    <subfield code="p">B-653736</subfield>
    <subfield code="r">2024-11-06 00:00:00</subfield>
    <subfield code="s">2024-09-13</subfield>
    <subfield code="t">1</subfield>
    <subfield code="v">849.00</subfield>
    <subfield code="y">EN</subfield>
  </datafield>
  <datafield tag="952" ind1=" " ind2=" ">
    <subfield code="0">0</subfield>
    <subfield code="1">0</subfield>
    <subfield code="4">0</subfield>
    <subfield code="7">0</subfield>
    <subfield code="8">NFIC</subfield>
    <subfield code="a">BL4</subfield>
    <subfield code="b">BL4</subfield>
    <subfield code="d">2017-02-20</subfield>
    <subfield code="e">BPPD/En/2016-17/286/24.11.2016/4986/28.11.2016/4.1.2017</subfield>
    <subfield code="g">849.00</subfield>
    <subfield code="l">11</subfield>
    <subfield code="m">2</subfield>
    <subfield code="o">530 CUT</subfield>
    <subfield code="p">B-653737</subfield>
    <subfield code="r">2023-08-01 00:00:00</subfield>
    <subfield code="s">2023-07-17</subfield>
    <subfield code="t">1</subfield>
    <subfield code="v">849.00</subfield>
    <subfield code="y">EN</subfield>
  </datafield>
  <datafield tag="952" ind1=" " ind2=" ">
    <subfield code="0">0</subfield>
    <subfield code="1">0</subfield>
    <subfield code="4">0</subfield>
    <subfield code="7">0</subfield>
    <subfield code="8">NFIC</subfield>
    <subfield code="a">YV</subfield>
    <subfield code="b">YV</subfield>
    <subfield code="d">2017-02-20</subfield>
    <subfield code="e">BPPD/En/2016-17/286/24.11.2016/4986/28.11.2016/4.1.2017</subfield>
    <subfield code="g">849.00</subfield>
    <subfield code="l">20</subfield>
    <subfield code="m">37</subfield>
    <subfield code="o">530 CUT</subfield>
    <subfield code="p">B-653738</subfield>
    <subfield code="r">2022-01-31 00:00:00</subfield>
    <subfield code="s">2021-12-21</subfield>
    <subfield code="t">1</subfield>
    <subfield code="v">849.00</subfield>
    <subfield code="y">EN</subfield>
  </datafield>
  <datafield tag="952" ind1=" " ind2=" ">
    <subfield code="0">0</subfield>
    <subfield code="1">0</subfield>
    <subfield code="4">0</subfield>
    <subfield code="7">0</subfield>
    <subfield code="8">NFIC</subfield>
    <subfield code="a">AV</subfield>
    <subfield code="b">AV</subfield>
    <subfield code="d">2017-04-28</subfield>
    <subfield code="e">BPPD/EN/2016-17/AV/16-17/452/15.2.2017/5068/7.3.2017/ 24.3.2017</subfield>
    <subfield code="g">849.00</subfield>
    <subfield code="l">2</subfield>
    <subfield code="o">530 CUT</subfield>
    <subfield code="p">B-669743</subfield>
    <subfield code="r">2019-07-18 00:00:00</subfield>
    <subfield code="s">2019-07-05</subfield>
    <subfield code="t">1</subfield>
    <subfield code="v">849.00</subfield>
    <subfield code="w">2017-04-28</subfield>
    <subfield code="y">EN</subfield>
  </datafield>
</record>
